000 00497nam a2200181Ia 4500
001 20753
005 20260306172829.0
008 260306t2018||||xx |||||||||||||| ||spa||
041 _aESP
082 _a343.8
_bA47F
100 _aAlva Matteucci, Mario
_eAUT
245 0 _aDelitos tributarios:
_banálisis de la Ley Penal Tributaria, incremento patrimonial no justificado
260 _c2018
300 _a438 páginas :
_c25 cm.
650 _aGEN
654 _aCDE
942 _cLIB
_dJUS
_fJUS
_2ddc
_n
999 _c20753
_d20753